00278nam a2200121Ia 4500008004100000100001300041245003500054260001600089300000900105650002000114942000700134999001500141190216s9999||||xx |||||||||||||| ||und|| aArora Sp 0aCost Accounting And Principles bKalyani Pub a354p aCost Accounting cBK c5419d5419